Cien años de soledad

Saved in:
Bibliografiske detaljer
Hovedforfatter: García Márquez, Gabriel (Author)
Format: Bog
Sprog:spansk
Udgivet: Buenos Aires De Bolsillo 2003
Serier:Biblioteca Contemporánea
Fag:
Tags: Tilføj Tag
Ingen Tags, Vær først til at tagge denne postø!

MARC

LEADER 00000nam a2200000 a 4500
001 UCK2745
003 CL-VaPUC
008 050318e20030000AG |||||||||||||||||spa|d
020 |a 9871138148 
082 0 4 |a Co863  |b GAR  |2 21 
100 0 |a García Márquez, Gabriel  |e author  |9 318478 
245 1 0 |a Cien años de soledad 
300 |a 494 p 
942 |c BK 
945 |d 20050318 00:00:00  |a cmena 
260 |a Buenos Aires  |b De Bolsillo  |c 2003 
650 0 |a Novelas colombianas  |9 266734 
650 0 |a Literatura colombiana   |9 315578 
583 |a last modification  |c 20050318 00:00:00  |k Rodrigo Vera 
490 0 |a Biblioteca Contemporánea 
999 |c 312203  |d 312201